[Event "XVI. DBMM Schach"]
[Site "Dresden"]
[Date "2016.11.05"]
[Round "4.1"]
[White "Blum, Norbert"]
[Black "Choinowski, Gustav"]
[Result "1/2-1/2"]
[WhiteElo "1986"]
[BlackElo "2088"]
[Annotator "br"]
[PlyCount "51"]
[EventDate "2016.11.??"]
[SourceTitle "XVI. DBMM 2016"]
[Source "FV Schach e.V."]
[SourceDate "2017.06.14"]
[SourceVersion "1"]
[SourceVersionDate "2017.06.14"]
[SourceQuality "1"]
[WhiteTeam "Sparkassen-Versicherung Stuttgart"]
[BlackTeam "RAPID Unilever Hamburg"]
[WhiteTeamCountry "GER"]
[BlackTeamCountry "GER"]

1. e4 c5 2. c3 d5 3. exd5 Qxd5 4. d4 Nf6 5. Nf3 e6 6. Na3 cxd4 7. Nb5 Na6 8.
Qxd4 Bc5 9. Qxd5 Nxd5 10. Bc4 O-O 11. Bxd5 exd5 12. O-O Bd7 13. Nbd4 Bd6 14.
Nb3 Rad8 15. Bg5 f6 16. Bh4 Bb5 17. Rfe1 Rfe8 18. Bg3 Bxg3 19. hxg3 b6 20. Nbd4
Bd7 21. Rxe8+ Rxe8 22. Re1 Re4 23. Rxe4 dxe4 24. Nd2 f5 25. Nc4 Nb8 26. Ne5
1/2-1/2

[Event "XVI. DBMM Schach"]
[Site "Dresden"]
[Date "2016.11.05"]
[Round "4.4"]
[White "Bissinger, Gerhard"]
[Black "Seifert, Martin"]
[Result "1/2-1/2"]
[WhiteElo "1608"]
[BlackElo "1988"]
[Annotator "br"]
[PlyCount "33"]
[EventDate "2016.11.??"]
[SourceTitle "XVI. DBMM 2016"]
[Source "FV Schach e.V."]
[SourceDate "2017.06.14"]
[SourceVersion "1"]
[SourceVersionDate "2017.06.14"]
[SourceQuality "1"]
[WhiteTeam "RAPID Unilever Hamburg"]
[BlackTeam "Sparkassen-Versicherung Stuttgart"]
[WhiteTeamCountry "GER"]
[BlackTeamCountry "GER"]

1. e4 e6 2. c4 d5 3. cxd5 exd5 4. exd5 Nf6 5. Bb5+ Bd7 6. Bc4 Be7 7. Nf3 O-O 8.
O-O Bf5 9. Nc3 Nbd7 10. d4 Nb6 11. Bd3 Bxd3 12. Qxd3 Nbxd5 13. Bg5 c6 14. Rad1
h6 15. Bh4 Nf4 16. Qd2 Ne6 17. Rfe1 1/2-1/2

[Event "XVI. DBMM Schach"]
[Site "Dresden"]
[Date "2016.11.05"]
[Round "4.1"]
[White "Molinaroli, Martin"]
[Black "Schmidt, Harald"]
[Result "0-1"]
[WhiteElo "2274"]
[BlackElo "2364"]
[Annotator "br"]
[PlyCount "86"]
[EventDate "2016.11.??"]
[SourceTitle "XVI. DBMM 2016"]
[Source "FV Schach e.V."]
[SourceDate "2017.06.14"]
[SourceVersion "1"]
[SourceVersionDate "2017.06.14"]
[SourceQuality "1"]
[WhiteTeam "Westf. Provinzial-Versicherung Muenster"]
[BlackTeam "Transit Hamburg"]
[WhiteTeamCountry "GER"]
[BlackTeamCountry "GER"]

1. b3 d5 2. Bb2 Bf5 3. Nf3 e6 4. c4 h6 5. d3 Nf6 6. g3 Be7 7. Bg2 O-O 8. O-O
Bh7 9. Nbd2 a5 10. a3 Nbd7 11. Qc2 c6 12. Ne5 Bd6 13. Ndf3 Qe7 14. Rfe1 Rfd8
15. e4 dxe4 16. dxe4 Nc5 17. Qe2 Bxe4 18. Rad1 Bxe5 19. Nxe5 Bxg2 20. Kxg2 Nxb3
21. Ng4 Nxg4 22. Qxg4 Qg5 23. Qf3 a4 24. h4 Qf5 25. Qxf5 exf5 26. Rxd8+ Rxd8
27. Re7 Nc5 28. Bc3 Ne4 29. Ba5 Rd4 30. Rxb7 Rxc4 31. Rb8+ Kh7 32. Rb7 Rc2 33.
Be1 f6 34. Ra7 Rc1 35. Kf1 Nc3 36. h5 c5 37. Ra5 c4 38. Ra7 Nb5 39. Rxa4 Nd4
40. Kg2 Rxe1 41. Rxc4 Nb5 42. a4 Nd6 43. Rc6 Ne4 0-1

[Event "XVI. DBMM Schach"]
[Site "Dresden"]
[Date "2016.11.05"]
[Round "4.2"]
[White "Urban, Ralf-Dieter"]
[Black "Gerighausen, Karl-Heinz"]
[Result "1-0"]
[WhiteElo "2034"]
[BlackElo "1879"]
[Annotator "br"]
[PlyCount "55"]
[EventDate "2016.11.??"]
[SourceTitle "XVI. DBMM 2016"]
[Source "FV Schach e.V."]
[SourceDate "2017.06.14"]
[SourceVersion "1"]
[SourceVersionDate "2017.06.14"]
[SourceQuality "1"]
[WhiteTeam "Transit Hamburg"]
[BlackTeam "Westf. Provinzial-Versicherung Muenster"]
[WhiteTeamCountry "GER"]
[BlackTeamCountry "GER"]

1. e4 c5 2. d4 cxd4 3. c3 dxc3 4. Nxc3 Nc6 5. Nf3 d6 6. Bc4 e6 7. O-O Nf6 8.
Qe2 a6 9. Rd1 Qa5 10. Bf4 Ne5 11. Nxe5 dxe5 12. Bg5 Be7 13. a3 Bd7 14. Rd3 Rd8
15. Rg3 Bc6 16. Bd2 Rd4 17. Rxg7 b5 18. Bb3 b4 19. Na2 Nxe4 20. Qh5 Rf8 21.
Bxb4 Bxb4 22. axb4 Qb6 23. Bxe6 Bd5 24. Bxd5 Rxd5 25. Qe2 Qd4 26. Rc1 Nf6 27.
Nc3 Rd6 28. b5 1-0

[Event "XVI. DBMM Schach"]
[Site "Dresden"]
[Date "2016.11.05"]
[Round "4.3"]
[White "Kuestermann, Dieter"]
[Black "Ziller, Christian"]
[Result "1-0"]
[WhiteElo "1960"]
[BlackElo "2071"]
[Annotator "br"]
[PlyCount "69"]
[EventDate "2016.11.??"]
[SourceTitle "XVI. DBMM 2016"]
[Source "FV Schach e.V."]
[SourceDate "2017.06.14"]
[SourceVersion "1"]
[SourceVersionDate "2017.06.14"]
[SourceQuality "1"]
[WhiteTeam "Westf. Provinzial-Versicherung Muenster"]
[BlackTeam "Transit Hamburg"]
[WhiteTeamCountry "GER"]
[BlackTeamCountry "GER"]

1. e4 d6 2. d4 e5 3. dxe5 dxe5 4. Qxd8+ Kxd8 5. Bc4 f6 6. Nc3 c6 7. Be3 Bd6 8.
O-O-O Ke7 9. Nge2 Be6 10. Bxe6 Kxe6 11. a3 a5 12. Na4 Nd7 13. Rxd6+ Kxd6 14.
Rd1+ Ke6 15. Rxd7 Kxd7 16. Nb6+ Ke6 17. Nxa8 Ne7 18. Nb6 f5 19. f4 Rf8 20. fxe5
fxe4 21. Nd4+ Kf7 22. Nd7 Rd8 23. Bg5 h6 24. e6+ Ke8 25. Bf4 c5 26. Nb5 Nd5 27.
Bd6 c4 28. Bf8 Ra8 29. Nd6+ Kd8 30. Nxe4 Kc7 31. Bd6+ Kc6 32. Nb8+ Kb6 33. Nc5
Rxb8 34. Nd7+ Kc6 35. Bxb8 1-0

[Event "XVI. DBMM Schach"]
[Site "Dresden"]
[Date "2016.11.05"]
[Round "4.4"]
[White "Bohn, Christoph"]
[Black "Keller, Hansjuergen"]
[Result "1-0"]
[WhiteElo "1920"]
[BlackElo "1709"]
[Annotator "br"]
[PlyCount "85"]
[EventDate "2016.11.??"]
[SourceTitle "XVI. DBMM 2016"]
[Source "FV Schach e.V."]
[SourceDate "2017.06.14"]
[SourceVersion "1"]
[SourceVersionDate "2017.06.14"]
[SourceQuality "1"]
[WhiteTeam "Transit Hamburg"]
[BlackTeam "Westf. Provinzial-Versicherung Muenster"]
[WhiteTeamCountry "GER"]
[BlackTeamCountry "GER"]

1. c4 Nf6 2. Nc3 c5 3. Nf3 e6 4. d4 d5 5. Bg5 dxc4 6. e4 Be7 7. dxc5 Qxd1+ 8.
Rxd1 Nbd7 9. Bxc4 Bxc5 10. h3 h6 11. Bf4 a6 12. O-O Nb6 13. Bb3 Bd7 14. Bd6 Rc8
15. Ne5 Bxd6 16. Rxd6 Bc6 17. f3 Ke7 18. Rfd1 Rhd8 19. Rxd8 Rxd8 20. Rxd8 Kxd8
21. Nxf7+ Ke7 22. Ne5 Be8 23. Kf2 Nfd7 24. Nd3 e5 25. Ke3 Kd6 26. g3 Nc5 27.
Nxc5 Kxc5 28. Kd3 g5 29. Nd5 Nxd5 30. Bxd5 b5 $11 31. Ke3 b4 32. f4 exf4+ 33.
gxf4 gxf4+ 34. Kxf4 Bg6 35. Bg8 Kd4 36. e5 Kc5 37. h4 Bb1 38. Bf7 a5 39. a3 Bc2
40. axb4+ axb4 41. Kg4 Bd1+ 42. Kf5 Bc2+ 43. Kf6 1-0

[Event "XVI. DBMM Schach"]
[Site "Dresden"]
[Date "2016.11.05"]
[Round "4.1"]
[White "Schulz, Michael"]
[Black "Zerenner, Pascal"]
[Result "0-1"]
[WhiteElo "2142"]
[BlackElo "1889"]
[Annotator "ms"]
[PlyCount "54"]
[EventDate "2016.11.??"]
[SourceTitle "XVI. DBMM 2016"]
[Source "FV Schach e.V."]
[SourceDate "2017.06.14"]
[SourceVersion "1"]
[SourceVersionDate "2017.06.14"]
[SourceQuality "1"]
[WhiteTeam "SV Osram Berlin"]
[BlackTeam "Europark Altenberg"]
[WhiteTeamCountry "GER"]
[BlackTeamCountry "GER"]

1. d4 d5 2. Bg5 Nf6 3. Bxf6 exf6 4. e3 Be6 5. g3 Bd6 6. Bg2 c6 7. Nd2 Nd7 8. b3
f5 9. Ne2 Nf6 10. O-O Ne4 11. f3 Nf6 12. c4 O-O 13. c5 Bc7 14. b4 Qd7 15. Qb3
h5 16. a4 h4 17. Rfb1 hxg3 18. hxg3 g6 19. Kf2 g5 20. Rh1 Kg7 21. e4 dxe4 22.
Qe3 Kg6 23. Rag1 Nd5 24. fxe4 Nxe3 25. Kxe3 Rh8 26. Bh3 f4+ 27. Nxf4+ Bxf4+ 0-1

[Event "XVI. DBMM Schach"]
[Site "Dresden"]
[Date "2016.11.05"]
[Round "4.2"]
[White "Schmidt, Gerhard"]
[Black "Rath, Alina"]
[Result "0-1"]
[WhiteElo "2116"]
[BlackElo "2047"]
[Annotator "br"]
[PlyCount "74"]
[EventDate "2016.11.??"]
[SourceTitle "XVI. DBMM 2016"]
[Source "FV Schach e.V."]
[SourceDate "2017.06.14"]
[SourceVersion "1"]
[SourceVersionDate "2017.06.14"]
[SourceQuality "1"]
[WhiteTeam "Europark Altenberg"]
[BlackTeam "SV Osram Berlin"]
[WhiteTeamCountry "GER"]
[BlackTeamCountry "GER"]

1. e4 c5 2. c3 d5 3. exd5 Qxd5 4. d4 e6 5. Nf3 Nf6 6. Bd3 cxd4 7. cxd4 Nc6 8.
O-O Be7 9. Nc3 Qd6 10. h3 O-O 11. Be3 a6 12. Rc1 Rd8 13. Bb1 Nb4 14. Qd2 Nbd5
15. Bg5 b5 16. Rfd1 Bb7 17. Bh4 Rac8 18. Bg3 Qb6 19. Nxd5 Bxd5 20. Rxc8 Rxc8
21. Ne5 Rd8 22. f3 Ba8 23. Bf2 Nd5 24. Rc1 Qd6 25. a3 $11 g6 26. Nd3 Nb6 27.
Ba2 Bf6 28. Nb4 Bb7 29. Rd1 Rc8 30. d5 Nxd5 31. Nxd5 Bxd5 32. Bxd5 Qxd5 33.
Qxd5 exd5 34. Bd4 Be7 35. Rd2 Bg5 36. Rd3 Rc1+ 37. Kf2 Bh4+ {ZU} 0-1

[Event "XVI. DBMM Schach"]
[Site "Dresden"]
[Date "2016.11.05"]
[Round "4.3"]
[White "Gebert Vangeel, Ralf"]
[Black "Bussler, Juergen"]
[Result "1/2-1/2"]
[WhiteElo "2042"]
[BlackElo "1940"]
[Annotator "br"]
[PlyCount "118"]
[EventDate "2016.11.??"]
[SourceTitle "XVI. DBMM 2016"]
[Source "FV Schach e.V."]
[SourceDate "2017.06.14"]
[SourceVersion "1"]
[SourceVersionDate "2017.06.14"]
[SourceQuality "1"]
[WhiteTeam "SV Osram Berlin"]
[BlackTeam "Europark Altenberg"]
[WhiteTeamCountry "GER"]
[BlackTeamCountry "GER"]

1. e4 c5 2. Nf3 d6 3. c3 Nf6 4. d3 Nc6 5. Be2 g6 6. O-O Bg7 7. Re1 O-O 8. Nbd2
e5 9. Nf1 Nh5 10. g3 Be6 11. Ng5 Nf6 12. Ne3 h6 13. Nxe6 fxe6 14. Ng4 Nxg4 15.
Bxg4 Qe7 16. Qb3 Rae8 17. Be3 Kh7 18. a3 b6 19. Qb5 Qb7 20. b4 h5 21. Bh3 Bh6
22. Rf1 Rf3 23. Rae1 a6 24. Qa4 b5 25. Qd1 Rf6 26. bxc5 Bxe3 27. fxe3 Rxf1+ 28.
Rxf1 dxc5 29. Rf6 Nd8 30. Qf1 Qe7 31. Rf2 Kg7 32. g4 hxg4 33. Bxg4 Rf8 34. Rxf8
Qxf8 35. Qxf8+ Kxf8 36. Kf2 Ke7 37. Ke2 a5 38. Kd2 Kd6 39. Kc2 Nc6 40. h4 Nd8
41. d4 exd4 42. exd4 e5 43. d5 Ke7 44. Be2 b4 45. axb4 axb4 46. cxb4 cxb4 47.
Kb3 Kd6 48. Kxb4 Nb7 49. Bd1 Nc5 50. Bc2 Nd7 51. Kb5 Nf6 52. Kc4 Nh5 53. Ba4
Nf4 54. Bd1 Ng2 55. Kd3 Nxh4 56. Ke3 Ng2+ 57. Kf3 Nf4 58. Bb3 Nh5 59. Kg4 Nf6+
1/2-1/2

[Event "XVI. DBMM Schach"]
[Site "Dresden"]
[Date "2016.11.05"]
[Round "4.4"]
[White "Heinig, Juergen"]
[Black "Eisermann, Daniel"]
[Result "1/2-1/2"]
[WhiteElo "1935"]
[BlackElo "1966"]
[Annotator "de"]
[PlyCount "63"]
[EventDate "2016.11.??"]
[SourceTitle "XVI. DBMM 2016"]
[Source "FV Schach e.V."]
[SourceDate "2017.06.14"]
[SourceVersion "1"]
[SourceVersionDate "2017.06.14"]
[SourceQuality "1"]
[WhiteTeam "Europark Altenberg"]
[BlackTeam "SV Osram Berlin"]
[WhiteTeamCountry "GER"]
[BlackTeamCountry "GER"]

1. d4 d5 2. c4 c6 3. Nc3 Nf6 4. Nf3 e6 5. e3 Nbd7 6. Qc2 Bd6 7. g4 h6 8. h3 b6
9. Bd2 Bb7 10. cxd5 exd5 11. Be2 Qe7 12. O-O-O Ne4 13. Be1 Ndf6 14. Nd2 Nxc3
15. Qxc3 Rc8 16. Kb1 Ne4 17. Qd3 O-O 18. Nxe4 dxe4 19. Qb3 Rfe8 20. h4 g6 21.
Bd2 b5 22. f4 exf3 23. Bxf3 c5 24. d5 c4 25. Qc2 Be5 26. Bc1 b4 27. g5 h5 28.
d6 Bxd6 29. Bxb7 Qxb7 30. Rxd6 Qxh1 31. Rxg6+ fxg6 32. Qxg6+ 1/2-1/2

[Event "XVI. DBMM Schach"]
[Site "Dresden"]
[Date "2016.11.05"]
[Round "4.1"]
[White "Walther, Hans Wolfgang"]
[Black "Meyer, Jens Uwe"]
[Result "1-0"]
[WhiteElo "2033"]
[BlackElo "2063"]
[Annotator "br"]
[PlyCount "127"]
[EventDate "2016.11.??"]
[SourceTitle "XVI. DBMM 2016"]
[Source "FV Schach e.V."]
[SourceDate "2017.06.14"]
[SourceVersion "1"]
[SourceVersionDate "2017.06.14"]
[SourceQuality "1"]
[WhiteTeam "Deutsche Bahn/BSW Berlin II"]
[BlackTeam "SG Stern Ludwigsfelde"]
[WhiteTeamCountry "GER"]
[BlackTeamCountry "GER"]

1. d4 f5 2. Bg5 g6 3. h4 h6 4. Bf4 Bg7 5. e3 Nf6 6. Nf3 d6 7. c4 O-O 8. Nc3 c6
9. Bd3 Qe8 10. Qd2 Nh5 11. Bh2 e5 12. Be2 e4 13. Ng1 Qe6 14. Bxh5 gxh5 15. b3
Bd7 16. Nge2 Na6 17. Rd1 Nb4 18. Nf4 Qf7 19. Nxe4 fxe4 20. Qxb4 Bg4 21. Rc1 c5
22. dxc5 dxc5 23. Qxc5 Bb2 24. Rc2 Rad8 25. O-O b6 26. Qc6 Bg7 27. Nd5 Rc8 28.
Qa4 Rfd8 29. Rfc1 Bf8 30. b4 Qg7 31. Bg3 Bd6 32. Bxd6 Rxd6 33. Qb3 Bf3 34. g3
Qg4 35. c5 Kf8 36. Nf4 Rf6 37. cxb6 Rxc2 38. Qxc2 axb6 39. Qc8+ Qxc8 40. Rxc8+
Kf7 41. Rc7+ Ke8 42. Rc1 Kd7 43. Ng2 Rd6 44. Ne1 Rd1 45. Rxd1+ Bxd1 46. f3 exf3
47. Kf2 Kc6 48. Nd3 Kb5 49. a3 Bc2 50. Ne1 Be4 51. Nxf3 Ka4 52. Nd2 Bd3 53. e4
Kxa3 54. Ke3 Bb5 55. e5 Kxb4 56. Kd4 Bc6 57. e6 b5 58. e7 Be8 59. Ne4 Ka3 60.
Nd6 Bd7 61. e8=Q Bxe8 62. Nxe8 b4 63. Nd6 b3 64. Kc3 1-0

[Event "XVI. DBMM Schach"]
[Site "Dresden"]
[Date "2016.11.05"]
[Round "4.2"]
[White "Astfalk, Lutz"]
[Black "Stahr, Ralf Peter"]
[Result "1-0"]
[WhiteElo "1945"]
[BlackElo "2018"]
[Annotator "br"]
[PlyCount "120"]
[EventDate "2016.11.??"]
[SourceTitle "XVI. DBMM 2016"]
[Source "FV Schach e.V."]
[SourceDate "2017.06.14"]
[SourceVersion "1"]
[SourceVersionDate "2017.06.14"]
[SourceQuality "1"]
[WhiteTeam "SG Stern Ludwigsfelde"]
[BlackTeam "Deutsche Bahn/BSW Berlin II"]
[WhiteTeamCountry "GER"]
[BlackTeamCountry "GER"]

1. d4 Nf6 2. c4 e6 3. Nf3 d5 4. e3 Be7 5. Nc3 a6 6. Bd3 dxc4 7. Bxc4 b5 8. Bd3
Bb7 9. O-O Nbd7 10. a3 c5 11. dxc5 Nxc5 12. Be2 Qb6 13. b4 Nce4 14. Nxe4 Bxe4
15. Bb2 O-O 16. Bd4 Qb7 17. Rc1 Nd7 18. Qb3 e5 19. Bc3 Bd5 20. Qb2 f6 21. Rfd1
Nb6 22. Qa1 Bb3 23. Re1 Rfd8 24. Nd2 Bd5 25. Bf3 Rd7 26. Bxd5+ Qxd5 27. Nf3
Rad8 28. h3 Na4 29. Bd2 a5 30. Qb1 Qd3 31. Qa2+ Kf8 32. e4 Qd6 33. Rc2 Nb6 34.
Nh4 Nc4 35. Be3 Qd3 36. Rd2 Qxe4 37. Rxd7 Rxd7 38. Nf3 Qd3 39. a4 Bxb4 40. Rc1
Qa3 41. Qc2 Nxe3 42. fxe3 Qxe3+ 43. Kh1 bxa4 44. Rf1 Qd3 45. Qc1 Bd2 46. Qc8+
Rd8 47. Qc5+ Kg8 48. Rd1 Qe2 49. Qc2 e4 50. Rxd2 Rxd2 51. Nxd2 Qf2 52. Qc8+ Kf7
53. Qc2 f5 54. Qd1 g6 55. g4 fxg4 56. hxg4 e3 57. Nf3 e2 58. Qd7+ Kg8 59. Qe8+
Kg7 60. Qe7+ Kh6 1-0

[Event "XVI. DBMM Schach"]
[Site "Dresden"]
[Date "2016.11.05"]
[Round "4.3"]
[White "Fitzke, Ulrich"]
[Black "Tangermann, Erhard"]
[Result "1/2-1/2"]
[WhiteElo "1898"]
[BlackElo "1654"]
[Annotator "br"]
[PlyCount "83"]
[EventDate "2016.11.??"]
[SourceTitle "XVI. DBMM 2016"]
[Source "FV Schach e.V."]
[SourceDate "2017.06.14"]
[SourceVersion "1"]
[SourceVersionDate "2017.06.14"]
[SourceQuality "1"]
[WhiteTeam "Deutsche Bahn/BSW Berlin II"]
[BlackTeam "SG Stern Ludwigsfelde"]
[WhiteTeamCountry "GER"]
[BlackTeamCountry "GER"]

1. d4 Nf6 2. c4 e6 3. Nc3 d5 4. e3 c6 5. Nf3 Be7 6. Bd3 O-O 7. O-O Nbd7 8. b3
a6 9. a4 b6 10. Bb2 Bb7 11. Qe2 Re8 12. Rfc1 c5 13. cxd5 exd5 14. Qc2 Rc8 15.
Qe2 Ra8 16. Bf5 Nf8 17. Rd1 g6 18. Bc2 Qc7 19. Rac1 Rad8 20. Bd3 Qc8 21. h3 Qa8
22. Qc2 Ne6 23. Ne2 c4 24. bxc4 dxc4 25. Bxc4 Bxf3 26. gxf3 Qxf3 27. Bxe6 fxe6
28. Nf4 Bd6 $11 29. Qe2 Qxe2 30. Nxe2 Rc8 31. f3 Nd5 32. Kf2 b5 33. axb5 axb5
34. Nc3 Nxc3 35. Rxc3 Rxc3 36. Bxc3 Ra8 37. Rb1 Rb8 38. Bb4 Bxb4 39. Rxb4 Kf7
40. e4 Ke7 41. Ke3 Kd6 42. Kd3 1/2-1/2

[Event "XVI. DBMM Schach"]
[Site "Dresden"]
[Date "2016.11.05"]
[Round "4.4"]
[White "Grandt, Bernd"]
[Black "Strauss, Peter"]
[Result "1-0"]
[WhiteElo "2033"]
[BlackElo "1803"]
[Annotator "br"]
[PlyCount "75"]
[EventDate "2016.11.??"]
[SourceTitle "XVI. DBMM 2016"]
[Source "FV Schach e.V."]
[SourceDate "2017.06.14"]
[SourceVersion "1"]
[SourceVersionDate "2017.06.14"]
[SourceQuality "1"]
[WhiteTeam "SG Stern Ludwigsfelde"]
[BlackTeam "Deutsche Bahn/BSW Berlin II"]
[WhiteTeamCountry "GER"]
[BlackTeamCountry "GER"]

1. d4 d5 2. Nf3 Nf6 3. c4 e6 4. Bg5 Be7 5. e3 O-O 6. Nc3 c6 7. Rc1 Nbd7 8. Bd3
h6 9. Bh4 Re8 10. O-O a6 11. Qe2 dxc4 12. Bxc4 Nd5 13. Bxe7 Qxe7 14. Rfd1 b5
15. Bd3 Bb7 16. Bb1 Rad8 17. Qd3 g6 18. h3 Nxc3 19. Qxc3 e5 20. Nxe5 Nxe5 21.
dxe5 Rxd1+ 22. Rxd1 c5 23. f4 Qc7 24. Qd3 Qc6 25. Rd2 Re6 26. Qd7 Qb6 27. Qd8+
Kg7 28. Qxb6 Rxb6 29. Rd7 c4 30. g4 Bc8 31. Rc7 Rb8 32. Be4 Kf8 33. f5 gxf5 34.
gxf5 Ke8 35. Bc6+ Kf8 36. Bd5 Ke8 37. Rxf7 Bd7 38. e6 1-0

[Event "XVI. DBMM Schach"]
[Site "Dresden"]
[Date "2016.11.05"]
[Round "4.1"]
[White "Gohla, Ulf"]
[Black "Hartmann, Jens"]
[Result "1-0"]
[WhiteElo "2151"]
[BlackElo "1804"]
[Annotator "br"]
[PlyCount "47"]
[EventDate "2016.11.??"]
[SourceTitle "XVI. DBMM 2016"]
[Source "FV Schach e.V."]
[SourceDate "2017.06.14"]
[SourceVersion "1"]
[SourceVersionDate "2017.06.14"]
[SourceQuality "1"]
[WhiteTeam "Vodafone Duesseldorf"]
[BlackTeam "Baubehörde Hamburg II"]
[WhiteTeamCountry "GER"]
[BlackTeamCountry "GER"]

1. d4 Nf6 2. c4 e5 3. Nf3 e4 4. Nfd2 d5 5. cxd5 Qxd5 6. e3 Bb4 7. Nc3 Bxc3 8.
bxc3 O-O 9. Ba3 Re8 10. Qb3 Nc6 11. Qxd5 Nxd5 12. c4 Ndb4 13. d5 Nc2+ 14. Kd1
Nxa3 $11 15. dxc6 Bg4+ 16. Kc1 bxc6 17. Kb2 Nb5 18. cxb5 cxb5 19. Rc1 Rac8 20.
Nb3 c6 21. Nd4 Bd7 22. Rc5 g6 23. Be2 Red8 24. Rhc1 1-0

[Event "XVI. DBMM Schach"]
[Site "Dresden"]
[Date "2016.11.05"]
[Round "4.2"]
[White "Hoffeins, Hans Werner"]
[Black "Tochtrop, Matthias"]
[Result "0-1"]
[WhiteElo "1441"]
[BlackElo "2174"]
[Annotator "br"]
[PlyCount "94"]
[EventDate "2016.11.??"]
[SourceTitle "XVI. DBMM 2016"]
[Source "FV Schach e.V."]
[SourceDate "2017.06.14"]
[SourceVersion "1"]
[SourceVersionDate "2017.06.14"]
[SourceQuality "1"]
[WhiteTeam "Baubehörde Hamburg II"]
[BlackTeam "Vodafone Duesseldorf"]
[WhiteTeamCountry "GER"]
[BlackTeamCountry "GER"]

1. Nf3 g6 2. g3 Bg7 3. Bg2 Nf6 4. O-O O-O 5. d3 d6 6. Nbd2 e5 7. e4 Nc6 8. c3
d5 9. Qe2 Re8 10. Re1 h6 11. Qf1 Be6 12. h3 Qd7 13. Nb3 b6 14. exd5 Nxd5 15. d4
exd4 16. Nbxd4 Nxd4 17. cxd4 f6 18. a3 Kh7 19. Bd2 Rad8 20. Rac1 Qa4 21. Qc4
Qd7 22. Qf1 Bf8 23. Kh2 Bd6 24. Nh4 Be7 25. Nf3 g5 26. Bc3 Bf5 27. Nd2 Bf8 28.
Be4 Bxe4 29. Rxe4 f5 30. Rxe8 Rxe8 31. Re1 Rxe1 32. Qxe1 Qe7 33. Qxe7+ Bxe7 34.
a4 Ba3 35. Nf3 Kg7 36. Ne5 Nxc3 37. bxc3 Bb2 38. c4 Bxd4 39. Nc6 Bxf2 40. Nxa7
Bc5 41. Kg2 Kg6 42. Nb5 c6 43. Na7 b5 44. Nxc6 bxa4 45. Kf3 a3 46. Na5 a2 47.
Nb3 Bd4 0-1

[Event "XVI. DBMM Schach"]
[Site "Dresden"]
[Date "2016.11.05"]
[Round "4.3"]
[White "Kludszuweit, Kim Ira"]
[Black "Lindemann, Thomas"]
[Result "0-1"]
[WhiteElo "1637"]
[BlackElo "1536"]
[Annotator "br"]
[PlyCount "68"]
[EventDate "2016.11.??"]
[SourceTitle "XVI. DBMM 2016"]
[Source "FV Schach e.V."]
[SourceDate "2017.06.14"]
[SourceVersion "1"]
[SourceVersionDate "2017.06.14"]
[SourceQuality "1"]
[WhiteTeam "Vodafone Duesseldorf"]
[BlackTeam "Baubehörde Hamburg II"]
[WhiteTeamCountry "GER"]
[BlackTeamCountry "GER"]

1. c4 e5 2. Nc3 f5 3. d3 Bc5 4. Nf3 Nf6 5. Nxe5 O-O 6. d4 Re8 7. Bg5 Be7 8. Bc1
b6 9. e3 Bb7 10. Nf3 Bb4 11. a3 Bxc3+ 12. bxc3 f4 13. Bd3 Ne4 14. Qc2 Nf6 15.
d5 c6 16. O-O cxd5 17. exf4 d4 18. Ng5 Rf8 19. Nxh7 Nxh7 20. Bxh7+ Kh8 21. cxd4
Bxg2 22. Kxg2 Qh4 23. Be4 Nc6 24. Qc3 Rae8 25. f3 Rf6 26. Ra2 Rh6 27. Kh1 Qh3
28. Rg1 Rxe4 29. d5 Nd4 30. Rf2 Nf5 31. Rxg7 Nxg7 32. Rg2 Re7 33. f5 Rf6 34.
Bg5 Re2 0-1

[Event "XVI. DBMM Schach"]
[Site "Dresden"]
[Date "2016.11.05"]
[Round "4.1"]
[White "Warnest, Stefan"]
[Black "Mielke, Sven"]
[Result "0-1"]
[WhiteElo "1467"]
[BlackElo "2115"]
[Annotator "br"]
[PlyCount "36"]
[EventDate "2016.11.??"]
[SourceTitle "XVI. DBMM 2016"]
[Source "FV Schach e.V."]
[SourceDate "2017.06.14"]
[SourceVersion "1"]
[SourceVersionDate "2017.06.14"]
[SourceQuality "1"]
[WhiteTeam "BA Tempelhof Berlin III"]
[BlackTeam "SV Osram Berlin II"]
[WhiteTeamCountry "GER"]
[BlackTeamCountry "GER"]

1. e4 c5 2. Nf3 d6 3. d4 cxd4 4. Nxd4 Nf6 5. Nc3 a6 6. Bg5 e6 7. f4 Be7 8. Qd2
Qc7 9. O-O-O O-O 10. Bxf6 Bxf6 11. g4 b5 12. g5 Be7 13. Bg2 Bb7 14. f5 e5 15.
Nb3 Rc8 16. Nd5 Bxd5 17. exd5 Bxg5 18. Qxg5 Qxc2# 0-1

[Event "XVI. DBMM Schach"]
[Site "Dresden"]
[Date "2016.11.05"]
[Round "4.2"]
[White "Mayer, Herbert"]
[Black "Meseck, Michael"]
[Result "1/2-1/2"]
[WhiteElo "1895"]
[BlackElo "1529"]
[Annotator "hm"]
[PlyCount "117"]
[EventDate "2016.11.??"]
[SourceTitle "XVI. DBMM 2016"]
[Source "FV Schach e.V."]
[SourceDate "2017.06.14"]
[SourceVersion "1"]
[SourceVersionDate "2017.06.14"]
[SourceQuality "1"]
[WhiteTeam "SV Osram Berlin II"]
[BlackTeam "BA Tempelhof Berlin III"]
[WhiteTeamCountry "GER"]
[BlackTeamCountry "GER"]

1. b3 d5 2. e3 Nc6 3. Bb2 e6 4. f4 Nf6 5. Bb5 Bd7 6. Nf3 Bd6 7. O-O O-O 8. d3
Bc5 9. Qe2 a6 10. Bxc6 Bxc6 11. Ne5 Bb5 12. a4 Be8 13. Nd2 Qe7 14. Rf3 Nh5 15.
Rh3 Nxf4 16. Qf3 Nxh3+ 17. Qxh3 Qg5 18. Re1 Rd8 19. Kh1 Qe7 20. Rf1 f6 21. Ng4
Bd7 22. Qf3 c6 23. d4 Bd6 24. c4 Rf7 25. Qe2 Rdf8 26. Nf3 b5 27. axb5 axb5 28.
c5 Bb8 29. Ra1 Bc8 30. Bc3 Qd7 31. Nf2 Re7 32. Nd3 Rfe8 33. Qb2 Qc7 34. Ba5 Qd7
35. Bc3 Rf8 36. Nb4 Qe8 37. Na6 Bxa6 38. Rxa6 Qc8 39. Qa1 Rff7 40. g3 Ra7 41.
Rxa7 Rxa7 42. Qb1 Qe8 43. Kg2 Qh5 44. Qb2 Rf7 45. Qa2 Ra7 46. Qb2 Bc7 47. Qd2
Bd8 48. Qb2 Qf5 49. Kf2 Ba5 50. Qa2 Bxc3 51. Qxa7 Qc2+ 52. Kg1 Qd1+ 53. Kg2
Qe2+ 54. Kh3 h6 55. Nh4 f5 56. Qe7 Qg4+ 57. Kg2 Qe2+ 58. Kh3 Qg4+ 59. Kg2
1/2-1/2

[Event "XVI. DBMM Schach"]
[Site "Dresden"]
[Date "2016.11.05"]
[Round "4.3"]
[White "Frahm, Werner"]
[Black "Hildebrand, Gerald"]
[Result "0-1"]
[WhiteElo "1568"]
[BlackElo "2180"]
[Annotator "gh"]
[PlyCount "58"]
[EventDate "2016.11.??"]
[SourceTitle "XVI. DBMM 2016"]
[Source "FV Schach e.V."]
[SourceDate "2017.06.14"]
[SourceVersion "1"]
[SourceVersionDate "2017.06.14"]
[SourceQuality "1"]
[WhiteTeam "BA Tempelhof Berlin III"]
[BlackTeam "SV Osram Berlin II"]
[WhiteTeamCountry "GER"]
[BlackTeamCountry "GER"]

1. Nf3 c5 2. g3 Nc6 3. Bg2 d5 4. d4 cxd4 5. Nxd4 e5 6. Nxc6 bxc6 7. c4 Bb4+ 8.
Bd2 Bxd2+ 9. Qxd2 Nf6 10. Nc3 Be6 11. Rd1 e4 12. Qc2 Qa5 13. O-O O-O 14. cxd5
cxd5 15. Rd4 Rac8 16. Qd2 Qb6 17. b3 Rc6 18. Rd1 Rfc8 19. Nxe4 dxe4 20. Rd8+
Ne8 21. Bxe4 Rxd8 22. Qxd8 Qxd8 23. Rxd8 Rc8 24. Rd2 Bh3 25. Rd1 Kf8 26. f3 h5
27. Kf2 Be6 28. Bb7 Rc2 29. Rd8 Ke7 0-1